[Event "CT Class HC #5"]
[Site "SchemingMind.com"]
[Date "2012.02.06"]
[Round "-"]
[White "James Bradner"]
[Black "Lone Gunman"]
[Result "1/2-1/2"]
[WhiteCountry "ENG"]
[BlackCountry "ENG"]
[WhiteElo "2373"]
[WhiteRD "103"]
[BlackElo "2399"]
[BlackRD "60"]
[GameID "302470"]

1. d4 d5 2. Nf3 Nf6 3. c4 c6 4. e3 e6 5. Bd3 Nbd7 6. O-O Bd6 7. Nc3 O-O 8. Bd2 h6 9. Qc2 dxc4 10. Bxc4 e5
11. Rfe1 Re8 12. Bd3 Qe7 13. Ne4 Nxe4 14. Bxe4 Nf6 15. dxe5 Bxe5 16. Nxe5=
1/2-1/2

[Event "CT Class HC #5"]
[Site "SchemingMind.com"]
[Date "2012.02.06"]
[Round "-"]
[White "Lone Gunman"]
[Black "James Bradner"]
[Result "1-0"]
[WhiteCountry "ENG"]
[BlackCountry "ENG"]
[WhiteElo "2405"]
[WhiteRD "58"]
[BlackElo "2389"]
[BlackRD "93"]
[GameID "302472"]

1. e4 e6 2. d4 d5 3. Nc3 Bb4 4. e5 Ne7 5. a3 Bxc3+ 6. bxc3 O-O 7. Bd3 c5 8. Qh5 Nf5 9. g4 Qh4 10. Qxh4 Nxh4
11. Bg5 Ng6 12. h4 c4 13. Be2 f6 14. exf6 gxf6 15. Bh6 Re8 16. g5 fxg5 17. Bxg5 Nc6 18. Nf3 e5 19. h5 Nf4 20. Bxf4 exf4
21. Kd2 Be6 22. Rh4 Kg7 23. Rb1 b6 24. Re1 Bg8 25. Rxf4 Rf8 26. h6+ Kh8 27. Rxf8 Rxf8 28. Ne5 Nd8 29. Bf3 Rf6 30. Re3 Be6
31. Ng4 Rg6 32. a4 Nb7 33. Rxe6 Rxe6 34. Bxd5 Re7 35. Bxc4 Nd6 36. Bd5 Nf5 37. f3 a5 38. Be4 Nd6 39. Kd3 b5 40. Bd5 Re1
41. axb5 Nxb5 42. Ne5 Nc7 43. Bc6 Rd1+ 44. Ke4 Kg8 45. d5 Kf8 46. c4 Na6 47. Nd3 Ra1 48. c5 a4 49. d6 Nb8 50. Bd5 a3
51. f4 Rh1 52. Ne5 Re1+ 53. Kf5 Rd1 54. Ba2
1-0

[Event "CT Class HC #5"]
[Site "SchemingMind.com"]
[Date "2012.02.06"]
[Round "-"]
[White "John Elburg"]
[Black "James Bradner"]
[Result "1-0"]
[WhiteCountry "NED"]
[BlackCountry "ENG"]
[WhiteElo "2430"]
[WhiteRD "86"]
[BlackElo "2391"]
[BlackRD "92"]
[GameID "302497"]

1. e4 e6 2. d4 d5 3. Nc3 Bb4 4. e5 Ne7 5. a3 Bxc3+ 6. bxc3 O-O 7. Bd3 c5 8. Qh5 Nf5 9. Nf3 g6 10. Qg4 Nc6
11. Bg5 Qa5 12. O-O Ng7 13. Bd2 c4 14. Be2 f6 15. Qh3 Qc7 16. exf6 Rxf6 17. Qh4 Rf8 18. g4 Nd8 19. Ng5 Ne8 20. Bf3 Qg7
21. Bg2 Nf6 22. Rae1 Bd7 23. Qh3 Re8 24. Re2 Rc8 25. Rfe1 Rc6 26. Nf3 Nf7 27. Ne5 Nxe5 28. dxe5 Ne4 29. Bxe4 dxe4 30. Rxe4 Rc7
31. Rd4 Ba4 32. Bh6 Qe7 33. Rd6 Bxc2 34. Qe3 b6 35. Bg5 Qf7 36. Bf6 Ba4 37. h4 Rd7 38. Qd4 Bc6 39. f4 Rf8 40. f5 Rxd6
41. Qxd6 Bd5 42. Kf2 Re8 43. Rd1 Qb7 44. Rg1 b5 45. h5 a5 46. Qc5 b4 47. axb4 axb4 48. cxb4 Rc8 49. Qe7 Qxe7 50. Bxe7 Ra8
51. f6 Ra3 52. hxg6 hxg6 53. Rb1 c3 54. Rc1 g5 55. Ke3 c2+ 56. Kd2 Rg3 57. Kxc2 Rxg4 58. Kd3
1-0

[Event "CT Class HC #5"]
[Site "SchemingMind.com"]
[Date "2012.02.06"]
[Round "-"]
[White "John Elburg"]
[Black "Lone Gunman"]
[Result "1/2-1/2"]
[WhiteCountry "NED"]
[BlackCountry "ENG"]
[WhiteElo "2443"]
[WhiteRD "92"]
[BlackElo "2386"]
[BlackRD "57"]
[GameID "302498"]

1. e4 c5 2. Nf3 d6 3. d4 cxd4 4. Nxd4 Nf6 5. Nc3 a6 6. Bg5 e6 7. f4 Qb6 8. Qd2 Qxb2 9. Rb1 Qa3 10. e5 dxe5
11. fxe5 Nfd7 12. Ne4 h6 13. Bh4 Qxa2 14. Rd1 Qd5 15. Qe3 Bc5 16. Nxe6 Bb4+ 17. c3 Qxe6 18. cxb4 O-O 19. Rd6 Qa2 20. Be2 Qb1+=
21. Kf2 Qxb4 22. Rxh6 Nc6 23. Rd1 Ncxe5 24. Bf6 Nxf6 25. Nxf6+ gxf6 26. Rd4 Qc5 27. Rh8+ Kxh8 28. Rh4+ Kg7 29. Qxc5 Bd7=
1/2-1/2

[Event "CT Class HC #5"]
[Site "SchemingMind.com"]
[Date "2012.02.06"]
[Round "-"]
[White "James Bradner"]
[Black "John Elburg"]
[Result "1-0"]
[WhiteCountry "ENG"]
[BlackCountry "NED"]
[WhiteElo "2391"]
[WhiteRD "92"]
[BlackElo "2430"]
[BlackRD "86"]
[GameID "302500"]

1. d4 Nf6 2. c4 g6 3. Nf3 Bg7 4. e3 d6 5. Nc3 O-O 6. Bd3 Nbd7 7. h3 e5 8. O-O Re8 9. Be2 e4 10. Nd2 Nf8
11. b4 a5 12. bxa5 Rxa5 13. Bb2 Ne6 14. a4 c5 15. d5 Nc7 16. Qb3 Ra8 17. Bd1 h5 18. Bc2 Bf5 19. Rae1 Na6 20. f3 Nb4
21. fxe4 Bd7 22. Re2 Qe7 23. Ref2 Rf8 24. Nb5 Bxb5 25. cxb5 Nd7 26. Nc4 Ne5 27. Nb6 Ra7 28. Qa3 Qd8 29. a5 Qe8 30. Qa4 Qd8
31. Bc3 Nf3+ 32. gxf3 Bxc3 33. Nc4 Ra8 34. f4 Qh4 35. Kh2 Rad8 36. Qb3 Bg7 37. e5 dxe5 38. d6 exf4 39. Rxf4 Qg5 40. Be4 Be5
41. Bxb7 Bxf4+ 42. Rxf4 h4 43. Rg4 Qf6 44. a6 Rd7 45. Qb1 Rxd6 46. a7 Rd7 47. a8=Q Rxa8 48. Bxa8 Nd3 49. Bg2 Ne5 50. Rf4 Qg5
51. Nxe5 Qxe5 52. Qe4
1-0

[Event "CT Class HC #5"]
[Site "SchemingMind.com"]
[Date "2012.02.06"]
[Round "-"]
[White "Lone Gunman"]
[Black "John Elburg"]
[Result "1-0"]
[WhiteCountry "ENG"]
[BlackCountry "NED"]
[WhiteElo "2414"]
[WhiteRD "63"]
[BlackElo "2422"]
[BlackRD "92"]
[GameID "302501"]

1. e4 e5 2. Nf3 Nc6 3. Bb5 a6 4. Ba4 Nf6 5. O-O Be7 6. Re1 b5 7. Bb3 O-O 8. h3 Bb7 9. d3 d6 10. a3 Na5
11. Ba2 c5 12. Nbd2 Nc6 13. Nf1 Bc8 14. Ne3 Be6 15. Bd5 Bxd5 16. exd5 Nb8 17. b4 Nbd7 18. bxc5 Nxc5 19. d4 exd4 20. Nxd4 Nfe4
21. Nef5 Bf6 22. Bb2 Qd7 23. Rb1 Bxd4 24. Qxd4 f6 25. g4 Rae8 26. f3 Ng5 27. Kg2 Na4 28. Ba1 Re5 29. f4 Rxf5 30. gxf5 Nf7
31. Qe3 Qxf5 32. c4 Nc5 33. cxb5 axb5 34. Bd4 Qxd5+ 35. Kh2 Nh6 36. Bxc5 Nf5 37. Qb3 Qxb3 38. Rxb3 dxc5 39. Rc1 Rd8 40. Rxc5 Rd2+
41. Kg1 Nd4 42. Re3 h6 43. f5 h5 44. Kf1 Kh7 45. Rg3 Rb2 46. Rd5 h4 47. Re3 Rb1+ 48. Re1 Rxe1+ 49. Kxe1 Nc2+ 50. Ke2 Nxa3
51. Rd4 Kh6 52. Rxh4+ Kg5 53. Rh7 g6 54. fxg6 Kxg6 55. Rb7 Nc2 56. Kd3 Ne1+ 57. Ke4 b4 58. Rb5 Nc2 59. Kd3 Ne1+ 60. Ke2 Nc2
61. Kd2 Nd4 62. Rxb4 Nc6 63. Rg4+ Kh5 64. Rf4 Kg6 65. Ke3 Ne5 66. Ke4 Nf7 67. Rg4+ Kh5 68. Kf4 Ng5 69. Kg3 Kh6 70. Ra4 Kg6
71. Ra5 Nf7 72. Kf4 Ne5 73. Ra3 Kf7 74. Kf5 Ng6 75. Ra7+ Ne7+ 76. Kg4 Ke6 77. h4 Ng8 78. Kf4 Nh6 79. h5 Ng8 80. Rg7 Nh6
81. Rg6 Nf5 82. h6 Ne7 83. Rg1
1-0

[Event "CT Class HC #5"]
[Site "SchemingMind.com"]
[Date "2012.02.06"]
[Round "-"]
[White "mi_di"]
[Black "John Elburg"]
[Result "1/2-1/2"]
[WhiteCountry "MEX"]
[BlackCountry "NED"]
[WhiteElo "2362"]
[WhiteRD "77"]
[BlackElo "2430"]
[BlackRD "86"]
[GameID "302545"]

1. e4 e5 2. Nf3 Nc6 3. Bb5 a6 4. Ba4 Nf6 5. O-O Be7 6. Re1 b5 7. Bb3 O-O 8. c3 d5 9. exd5 Nxd5 10. Nxe5 Nxe5
11. Rxe5 c6 12. Re1 Bd6 13. d3 Bf5 14. Qf3 Re8 15. Rxe8+ Qxe8 16. Nd2 Qe1+ 17. Nf1 Bg6 18. g3 b4 19. c4 Nc7 20. d4 Bf8
21. Bd1 Rd8 22. Bd2 Qe8 23. Ba4 Rxd4 24. Re1 Re4 25. Rxe4 Qxe4 26. Qxe4 Bxe4 27. Be3 c5 28. Nd2 Bd3 29. Bc6 Be7 30. Kg2 Kf8
31. f4 f5 32. Kf3=
1/2-1/2

[Event "CT Class HC #5"]
[Site "SchemingMind.com"]
[Date "2012.02.06"]
[Round "-"]
[White "mi_di"]
[Black "James Bradner"]
[Result "1-0"]
[WhiteCountry "MEX"]
[BlackCountry "ENG"]
[WhiteElo "2362"]
[WhiteRD "77"]
[BlackElo "2391"]
[BlackRD "92"]
[GameID "302546"]

1. e4 e6 2. d4 d5 3. Nc3 Bb4 4. e5 Ne7 5. a3 Bxc3+ 6. bxc3 O-O 7. Bd3 c5 8. Qh5 Nf5 9. Nf3 g6 10. Qh3 f6
11. g4 Ng7 12. Qh6 Ne8 13. h4 Qe7 14. h5 g5 15. exf6 Nxf6 16. Qxg5+ Qg7 17. Qh4 Ne4 18. h6 Qf6 19. Ng5 Bd7 20. Nxe4 dxe4
21. Qxf6 Rxf6 22. Bxe4 Bc6 23. Bxc6 Nxc6 24. dxc5 Rc8 25. Rb1 Rc7 26. Ke2 Ne7 27. c4 Nc6 28. Be3 Na5 29. g5 Rf8 30. Rh4 e5
31. Rd1 Re8 32. Rd6 Nc6 33. Rg4 Kh8 34. g6 hxg6 35. Rdxg6 Nd4+ 36. Bxd4 exd4+ 37. Kd3 Rxc5 38. Rg7 b6 39. Rxa7 Rc6 40. h7
1-0

[Event "CT Class HC #5"]
[Site "SchemingMind.com"]
[Date "2012.02.06"]
[Round "-"]
[White "mi_di"]
[Black "Lone Gunman"]
[Result "1/2-1/2"]
[WhiteCountry "MEX"]
[BlackCountry "ENG"]
[WhiteElo "2350"]
[WhiteRD "79"]
[BlackElo "2386"]
[BlackRD "57"]
[GameID "302547"]

1. e4 c5 2. Nc3 Nc6 3. g3 g6 4. Bg2 Bg7 5. d3 d6 6. Be3 Nf6 7. h3 O-O 8. Nge2 Ne8 9. Qd2 Nd4 10. f4 Rb8
11. O-O b5 12. a3 a5 13. Nd1 Bb7 14. Nxd4 cxd4 15. Bf2 a4 16. c3 e5 17. cxd4 exd4 18. Rc1 Nc7 19. Be1 Na6 20. Nf2 Qd7
21. Qe2 Rbc8 22. Bd2 Nc5 23. Bb4 Rfe8 24. Rfe1 Na6 25. Bd2 Rc5 26. Rxc5 Nxc5=
1/2-1/2

[Event "CT Class HC #5"]
[Site "SchemingMind.com"]
[Date "2012.02.06"]
[Round "-"]
[White "John Elburg"]
[Black "mi_di"]
[Result "1-0"]
[WhiteCountry "NED"]
[BlackCountry "MEX"]
[WhiteElo "2446"]
[WhiteRD "89"]
[BlackElo "2341"]
[BlackRD "81"]
[GameID "302549"]

1. e4 e5 2. Nf3 Nc6 3. Bb5 a6 4. Ba4 Nf6 5. O-O Be7 6. Re1 b5 7. Bb3 O-O 8. c3 d6 9. h3 Nb8 10. d4 Nbd7
11. Nbd2 Bb7 12. Bc2 c5 13. d5 c4 14. Nf1 Qc7 15. g4 g6 16. Ng3 a5 17. g5 Ne8 18. h4 Nc5 19. Be3 Bc8 20. Nd2 f6
21. a4 fxg5 22. hxg5 Ba6 23. axb5 Bxb5 24. Qg4 Ng7 25. Ra3 Nd3 26. Bxd3 cxd3 27. c4 Bd7 28. Qh4 Rab8 29. Rb1 Rb4 30. Rxd3 Rfb8
31. b3 a4 32. Rc3 axb3 33. Rbxb3 Rxb3 34. Nxb3 Rb4 35. Nd2 Qa5 36. Kg2 Qa1 37. Rb3 Rxb3 38. Nxb3 Qc3 39. Nd2 h5 40. Ngf1 Ne8
41. Qg3 Ng7 42. Nh2 Ne8 43. Nhf3 Bg4 44. c5
1-0

[Event "CT Class HC #5"]
[Site "SchemingMind.com"]
[Date "2012.02.06"]
[Round "-"]
[White "James Bradner"]
[Black "mi_di"]
[Result "1-0"]
[WhiteCountry "ENG"]
[BlackCountry "MEX"]
[WhiteElo "2391"]
[WhiteRD "92"]
[BlackElo "2362"]
[BlackRD "77"]
[GameID "302550"]

1. d4 Nf6 2. c4 e6 3. Nf3 Bb4+ 4. Bd2 a5 5. e3 O-O 6. Bd3 b6 7. a3 Bxd2+ 8. Nfxd2 c5 9. d5 exd5 10. cxd5 Ba6
11. Qc2 d6 12. Nc3 Bxd3 13. Qxd3 Nbd7 14. O-O Ne5 15. Qb5 Ne8 16. f4 Nc7 17. Qe2 Ng6 18. a4 f5 19. Nc4 Ne7 20. Rad1 Ne8
21. e4 fxe4 22. Nxe4 h6 23. f5 Nxf5 24. Qg4 Qh4 25. Qxh4 Nxh4 26. Rxf8+ Kxf8 27. Nexd6 Nxd6 28. Nxd6 Rd8 29. Nc4 Ke7 30. Nxb6 Nf5
31. Nc4 Nd4 32. Re1+ Kf6 33. Re5 Rd7 34. h4 g6 35. h5 g5 36. Kh2 Rb7 37. Re8 Rb4 38. Ne5 Nf5 39. Re6+ Kg7 40. d6
1-0

[Event "CT Class HC #5"]
[Site "SchemingMind.com"]
[Date "2012.02.06"]
[Round "-"]
[White "Lone Gunman"]
[Black "mi_di"]
[Result "1/2-1/2"]
[WhiteCountry "ENG"]
[BlackCountry "MEX"]
[WhiteElo "2386"]
[WhiteRD "57"]
[BlackElo "2350"]
[BlackRD "79"]
[GameID "302551"]

1. e4 e5 2. Nf3 Nc6 3. Bb5 a6 4. Ba4 Nf6 5. O-O Be7 6. Re1 b5 7. Bb3 O-O 8. h3 d6 9. c3 Nb8 10. d3 Nbd7
11. Nbd2 c5 12. Nf1 Nb6 13. Bc2 Qc7 14. Ne3 Be6 15. b3 d5 16. Nf5 Bxf5 17. exf5 Bd6 18. Bg5 Nbd7 19. Bh4 Rac8 20. c4 Rfe8
21. a4 bxc4 22. bxc4 d4 23. a5 Rb8 24. Nd2 Rb7 25. Ba4 Reb8 26. Qf3 Rb2 27. Ne4 Nxe4 28. Qxe4 Nf6 29. Bxf6 gxf6 30. Qh4 Be7
31. Re4 Kh8 32. Qh5=
1/2-1/2

[Event "CT Class HC #5"]
[Site "SchemingMind.com"]
[Date "2012.02.07"]
[Round "-"]
[White "Granny Gambit"]
[Black "John Elburg"]
[Result "1/2-1/2"]
[WhiteCountry "ENG"]
[BlackCountry "NED"]
[WhiteElo "2433"]
[WhiteRD "80"]
[BlackElo "2430"]
[BlackRD "86"]
[GameID "302619"]

1. d4 Nf6 2. c4 g6 3. Nc3 Bg7 4. e4 d6 5. Be2 O-O 6. Nf3 e5 7. O-O Nc6 8. d5 Ne7 9. b4 Nh5 10. Re1 f5
11. Ng5 Nf6 12. Bf3 c6 13. Be3 cxd5 14. cxd5 h6 15. Ne6 Bxe6 16. dxe6 fxe4 17. Nxe4 Nxe4 18. Bxe4 d5 19. Bc5 dxe4 20. Qxd8 Rfxd8
21. Bxe7 Re8 22. Bc5 Rxe6 23. Rxe4 Rd8 24. h4 a6 25. a4 Rd5 26. Be3 Rc6 27. Rb1 b5 28. axb5 axb5 29. g3 Bf8 30. h5 gxh5
31. Rh4 Kf7 32. Kg2 Kf6 33. Rxh5 Rc4 34. Ra1 Kg6 35. Rhh1 h5 36. Ra6+ Rd6 37. Ra8 Rf6 38. Rb8 Bd6 39. Rxb5 Rxb4 40. Rxb4=
1/2-1/2

[Event "CT Class HC #5"]
[Site "SchemingMind.com"]
[Date "2012.02.07"]
[Round "-"]
[White "Granny Gambit"]
[Black "mi_di"]
[Result "1/2-1/2"]
[WhiteCountry "ENG"]
[BlackCountry "MEX"]
[WhiteElo "2406"]
[WhiteRD "84"]
[BlackElo "2350"]
[BlackRD "79"]
[GameID "302620"]

1. d4 d5 2. c4 c6 3. Nf3 Nf6 4. Nc3 a6 5. c5 Nbd7 6. Bf4 Nh5 7. e3 g6 8. Bd3 Bg7 9. O-O Nxf4 10. exf4 O-O
11. Re1 Nf6 12. Qd2 Qc7 13. Na4 Bg4 14. Ne5 Be6 15. Nb6 Rad8 16. Bc2 Rfe8 17. Rad1 Ne4 18. Qe3 Nd6 19. Qb3 Bxe5 20. fxe5 Nc4
21. h3 Nxb6 22. cxb6 Qd7 23. Re3 Bf5 24. Bxf5 Qxf5 25. Rf3 Qe6=
1/2-1/2

[Event "CT Class HC #5"]
[Site "SchemingMind.com"]
[Date "2012.02.07"]
[Round "-"]
[White "Granny Gambit"]
[Black "James Bradner"]
[Result "1/2-1/2"]
[WhiteCountry "ENG"]
[BlackCountry "ENG"]
[WhiteElo "2435"]
[WhiteRD "83"]
[BlackElo "2389"]
[BlackRD "93"]
[GameID "302621"]

1. d4 Nf6 2. c4 e6 3. Nc3 d5 4. cxd5 exd5 5. Bg5 Be7 6. Qc2 Nc6 7. e3 h6 8. Bh4 O-O 9. a3 Ne8 10. Bg3 Bd6
11. Bd3 Bxg3 12. hxg3 Ne7 13. Nf3 Nd6 14. Ne2 c6 15. Nf4 Re8 16. Ne5 a5 17. Rc1 a4 18. Kf1 Kh8 19. Qd1 f6 20. Neg6+ Kg8
21. Qh5 Ne4 22. Bxe4 dxe4 23. Nxe7+ Qxe7 24. Rc5 Bd7 25. Qg6 Qf7 26. Qxf7+ Kxf7 27. Ke1 b6 28. Rc2 Ra5 29. Ne2 f5 30. Rh5 Ra7
31. Kd2 Kg6 32. Nf4+ Kf6 33. Rh1 Rd8 34. Rhc1 Rb7 35. Ke1 Be8 36. Ne2 h5 37. Rd1 g5 38. Nc3 Ra7 39. Rdc1 Rd6 40. Nb1=
1/2-1/2

[Event "CT Class HC #5"]
[Site "SchemingMind.com"]
[Date "2012.02.07"]
[Round "-"]
[White "Granny Gambit"]
[Black "Lone Gunman"]
[Result "1/2-1/2"]
[WhiteCountry "ENG"]
[BlackCountry "ENG"]
[WhiteElo "2435"]
[WhiteRD "83"]
[BlackElo "2405"]
[BlackRD "58"]
[GameID "302622"]

1. d4 d5 2. c4 e6 3. Nc3 Be7 4. cxd5 exd5 5. Bf4 Nf6 6. e3 O-O 7. Bd3 c5 8. Nge2 Nc6 9. O-O c4 10. Bc2 Nh5
11. h3 a6 12. Bh2 Bd6 13. Bxd6 Qxd6 14. b3 f5 15. bxc4 dxc4 16. a4 Nb4 17. Rb1 a5 18. Nb5 Qh6 19. Rc1 Be6 20. Nc7 Rac8
21. Nxe6 Qxe6 22. d5 Qxd5=
1/2-1/2

[Event "CT Class HC #5"]
[Site "SchemingMind.com"]
[Date "2012.02.06"]
[Round "-"]
[White "John Elburg"]
[Black "Granny Gambit"]
[Result "1/2-1/2"]
[WhiteCountry "NED"]
[BlackCountry "ENG"]
[WhiteElo "2430"]
[WhiteRD "86"]
[BlackElo "2433"]
[BlackRD "80"]
[GameID "302625"]

1. e4 c6 2. d4 d5 3. Nc3 dxe4 4. Nxe4 Bf5 5. Ng3 Bg6 6. h4 h6 7. Nf3 Nd7 8. h5 Bh7 9. Bd3 Bxd3 10. Qxd3 e6
11. Bd2 Ngf6 12. O-O-O Be7 13. Ne4 Nxe4 14. Qxe4 Nf6 15. Qd3 O-O 16. g4 Nxg4 17. Rhg1 f5 18. Qe2 Kh7 19. Ne5 Nxe5 20. dxe5 Rf7
21. Bxh6 Qa5 22. Qc4 Qxe5 23. Bf4 b5 24. Bxe5 bxc4 25. Rg6 Re8 26. Rd4 c3 27. Rc4 cxb2+ 28. Kxb2 Bf6 29. Bc3 Rb8+ 30. Kc1 Rb6
31. Kd2 Ra6 32. f4 Rd7+ 33. Ke2 Bxc3 34. Rxc3 Rxa2 35. Rxc6 Ra4 36. Rcxe6 Rxf4 37. h6 Re4+ 38. Rxe4 Kxg6 39. Re6+ Kh7 40. hxg7 Kxg7
41. Ke3 Rc7 42. Kf4 Rxc2 43. Kxf5=
1/2-1/2

[Event "CT Class HC #5"]
[Site "SchemingMind.com"]
[Date "2012.02.07"]
[Round "-"]
[White "mi_di"]
[Black "Granny Gambit"]
[Result "0-1"]
[WhiteCountry "MEX"]
[BlackCountry "ENG"]
[WhiteElo "2362"]
[WhiteRD "77"]
[BlackElo "2433"]
[BlackRD "80"]
[GameID "302626"]

1. e4 c6 2. d4 d5 3. e5 Bf5 4. Nf3 e6 5. Be2 c5 6. O-O Nc6 7. c3 cxd4 8. Nxd4 Nge7 9. Nxf5 Nxf5 10. Bd3 Be7
11. Qe2 Qc7 12. Re1 d4 13. Nd2 O-O 14. Nf3 dxc3 15. bxc3 g6 16. Bxf5 exf5 17. Bh6 Rfe8 18. Rad1 Nd8 19. Qb5 Ne6 20. Rd7 Qxc3
21. Qxb7 Reb8 22. Qd5 Rd8 23. Bd2 Qa3 24. Rxd8+ Rxd8 25. Qc4 g5 26. Bc3 g4 27. Nd2 Kg7 28. Rb1 Kg6 29. g3 Bc5 30. Nb3 Rc8
31. Kf1 Qxa2 32. Rb2 Qa3 33. Nd2 Rc6 34. Rc2 Qa6 35. Qxa6 Rxa6 36. Ke2 Bd4 37. Bb2 Ra2 38. Nc4 Ng5 39. Rd2 Bxb2 40. Rxb2 Rxb2+
41. Nxb2 Nf3
0-1

[Event "CT Class HC #5"]
[Site "SchemingMind.com"]
[Date "2012.02.06"]
[Round "-"]
[White "James Bradner"]
[Black "Granny Gambit"]
[Result "1/2-1/2"]
[WhiteCountry "ENG"]
[BlackCountry "ENG"]
[WhiteElo "2389"]
[WhiteRD "93"]
[BlackElo "2435"]
[BlackRD "83"]
[GameID "302627"]

1. d4 d5 2. c4 c6 3. e3 Nf6 4. Nf3 a6 5. Nc3 b5 6. b3 Bg4 7. Be2 e6 8. O-O Nbd7 9. h3 Bh5 10. Bb2 Bd6
11. c5 Be7 12. Ne1 Bxe2 13. Nxe2 a5 14. Nd3 O-O 15. f3 Qb8 16. a4 b4 17. Rc1=
1/2-1/2

[Event "CT Class HC #5"]
[Site "SchemingMind.com"]
[Date "2012.02.07"]
[Round "-"]
[White "Lone Gunman"]
[Black "Granny Gambit"]
[Result "1-0"]
[WhiteCountry "ENG"]
[BlackCountry "ENG"]
[WhiteElo "2386"]
[WhiteRD "57"]
[BlackElo "2406"]
[BlackRD "84"]
[GameID "302628"]

1. e4 c6 2. d4 d5 3. Nc3 dxe4 4. Nxe4 Bf5 5. Ng3 Bg6 6. N1e2 e6 7. Nf4 Bd6 8. Ngh5 Bxh5 9. Nxh5 g6 10. Ng3 Nf6
11. Bc4 Nbd7 12. O-O Qc7 13. Qf3 O-O 14. Bh6 Rfe8 15. Rfe1 c5 16. dxc5 Qxc5 17. b3 Qc7 18. Rad1 a6 19. Bg5 Kg7 20. h3 h6
21. Bd2 Rad8 22. Bf1 Rh8 23. Bc3 e5 24. a4 Rhe8 25. Bc4 Nb6 26. Bd2 Be7 27. Nf5+ gxf5 28. Qg3+ Kh8 29. Bxf7 Ne4 30. Qg6 Rd6
31. Qxf5 Rf6 32. Qxe4 Rxf7 33. Qxe5+ Qxe5 34. Rxe5 Kg7 35. g4 Nc8 36. Bc3 Kg8 37. Re6 h5 38. Rd7 Rf3 39. Be5 Rxh3 40. Rxb7 Rh4
41. gxh5 Rxh5 42. Bg3 a5 43. Rc7 Rd5 44. c4 Rdd8 45. c5 Bf8 46. Ra6 Ne7 47. Rxa5 Nd5 48. Rb7 Re6 49. b4 Rg6 50. Kg2 Bh6
51. b5
1-0